01064nam a2200253 i 450000100060000000300090000600500170001500700030003200800410003502000180007608000340009410000290012824501330015726000910029030000550038150400320043654600350046860000440050371000560054771000460060385200220064999900170067195201220068888927ES-MaACL20250905101957.0t|041230s1992 sp ||||1| spa d a84-7483-835-5 a75 Laffón, Carmen (083.824)1 aLaffón, Carmen.96948410aBodegones, figuras y paisajes : b[exposición], 13 de mayo-13 de julio 1992, Museo Nacional Reina Sofía / cCarmen Laffón. aMadrid : bMuseo Nacional Reina Sofía : bFundación Cultural Mapfre Vida, c[1992] a293 p. : bprincipalmente il. col. y n. ; c28 cm. aBibliografía: p. 291-293. aTexto en español e inglés.14aLaffón, Carmen-vExposiciones.9694852 aMuseo Nacional Centro de Arte Reina Sofía91477372 aFundación Cultural Mapfre Vida.91739804 aES-MaACLjE-10767 c88927d88927 00104070aATENEOMbATENEOMcDEPO2d2008-01-17eSCl0oE-10767p1092880r2023-02-23 00:00:00w2023-02-23yMONOGRAFIA